<?xml version="1.0" encoding="UTF-8"?>
<record
    xmlns:xsi="http://www.w3.org/2001/XMLSchema-instance"
    xsi:schemaLocation="http://www.loc.gov/MARC21/slim http://www.loc.gov/standards/marcxml/schema/MARC21slim.xsd"
    xmlns="http://www.loc.gov/MARC21/slim">

  <leader>01336nam a22002897a 4500</leader>
  <datafield tag="999" ind1=" " ind2=" ">
    <subfield code="c">120847</subfield>
    <subfield code="d">120847</subfield>
  </datafield>
  <controlfield tag="003">dpl</controlfield>
  <controlfield tag="005">20181227130851.0</controlfield>
  <controlfield tag="008">181227b           ||||| |||| 00| 0 eng d</controlfield>
  <datafield tag="010" ind1=" " ind2=" ">
    <subfield code="a">B-186265, B-186267</subfield>
  </datafield>
  <datafield tag="020" ind1=" " ind2=" ">
    <subfield code="c">85.00</subfield>
    <subfield code="a">8188886181</subfield>
  </datafield>
  <datafield tag="035" ind1=" " ind2=" ">
    <subfield code="a">B-186265, B-186267</subfield>
  </datafield>
  <datafield tag="037" ind1=" " ind2=" ">
    <subfield code="b">Cen Lib/Ret</subfield>
  </datafield>
  <datafield tag="040" ind1=" " ind2=" ">
    <subfield code="a">DPL</subfield>
    <subfield code="b">HN</subfield>
    <subfield code="c">0</subfield>
  </datafield>
  <datafield tag="082" ind1=" " ind2=" ">
    <subfield code="a">260.2</subfield>
    <subfield code="b">&#x91C;&#x917;&#x91C;&#x940; </subfield>
  </datafield>
  <datafield tag="100" ind1=" " ind2=" ">
    <subfield code="a">&#x91C;&#x917;&#x91C;&#x940;&#x924; &#x938;&#x93F;&#x902;&#x939; </subfield>
    <subfield code="9">92956</subfield>
  </datafield>
  <datafield tag="245" ind1=" " ind2=" ">
    <subfield code="a">&#x917;&#x941;&#x930;&#x941; &#x917;&#x94D;&#x930;&#x928;&#x94D;&#x925; &#x938;&#x93E;&#x939;&#x93F;&#x92C; :</subfield>
    <subfield code="c">&#x91C;&#x917;&#x91C;&#x940;&#x924; &#x938;&#x93F;&#x902;&#x939; </subfield>
    <subfield code="b">&#x938;&#x94D;&#x935;&#x930;&#x941;&#x92A;, &#x938;&#x902;&#x930;&#x91A;&#x928;&#x93E; &#x914;&#x930; &#x938;&#x93F;&#x926;&#x94D;&#x927;&#x93E;&#x902;&#x924; /</subfield>
  </datafield>
  <datafield tag="246" ind1=" " ind2=" ">
    <subfield code="a">Guru granth sahib : swarup, sanrachana aur siddhant /</subfield>
    <subfield code="b">by Jagjeet Singh</subfield>
  </datafield>
  <datafield tag="260" ind1=" " ind2=" ">
    <subfield code="a">&#x928;&#x908; &#x926;&#x93F;&#x932;&#x94D;&#x932;&#x940; </subfield>
    <subfield code="b">&#x92B;&#x930;&#x94D;&#x938;&#x94D;&#x91F; &#x90F;&#x921;&#x93F;&#x936;&#x928; </subfield>
    <subfield code="c">2005</subfield>
  </datafield>
  <datafield tag="270" ind1=" " ind2=" ">
    <subfield code="a">67 &#x90F;&#x932; &#x91C;&#x940; &#x90F;&#x915; &#x915;&#x948;&#x932;&#x93E;&#x936; &#x939;&#x93F;&#x932;&#x94D;&#x938; </subfield>
    <subfield code="b">&#x928;&#x908; &#x926;&#x93F;&#x932;&#x94D;&#x932;&#x940; </subfield>
    <subfield code="e">110065</subfield>
  </datafield>
  <datafield tag="300" ind1=" " ind2=" ">
    <subfield code="a">280&#x92A;&#x943;. </subfield>
    <subfield code="c">21&#x938;&#x947;&#x92E;&#x940;(&#x938;&#x91C;&#x93F;&#x932;&#x94D;&#x926;)</subfield>
  </datafield>
  <datafield tag="500" ind1=" " ind2=" ">
    <subfield code="a">&#x905;&#x928;&#x941;&#x915;&#x94D;&#x930;&#x92E;&#x923;&#x93F;&#x915;&#x93E;  &#x936;&#x93E;&#x92E;&#x93F;&#x932;  </subfield>
  </datafield>
  <datafield tag="650" ind1=" " ind2=" ">
    <subfield code="a">&#x915;&#x94D;&#x930;&#x92E; &#x914;&#x930; &#x92A;&#x94D;&#x930;&#x92E;&#x941;&#x916; &#x935;&#x93E;&#x923;&#x940; </subfield>
    <subfield code="9">83776</subfield>
  </datafield>
  <datafield tag="650" ind1=" " ind2=" ">
    <subfield code="a">&#x936;&#x93E;&#x938;&#x94D;&#x924;&#x94D;&#x930;&#x940;&#x92F; &#x930;&#x93E;&#x917;&#x94B;&#x902; &#x92E;&#x947;&#x902; &#x92C;&#x902;&#x927;&#x940; &#x935;&#x93E;&#x923;&#x940; </subfield>
    <subfield code="9">92957</subfield>
  </datafield>
  <datafield tag="650" ind1=" " ind2=" ">
    <subfield code="a">Order and major voice</subfield>
    <subfield code="9">92958</subfield>
  </datafield>
  <datafield tag="650" ind1=" " ind2=" ">
    <subfield code="a">Tied voice in classical ragas</subfield>
    <subfield code="9">92959</subfield>
  </datafield>
  <datafield tag="942" ind1=" " ind2=" ">
    <subfield code="2">ddc</subfield>
    <subfield code="c">HN</subfield>
    <subfield code="h">260.2</subfield>
    <subfield code="m">&#x91C;&#x917;&#x91C;&#x940; </subfield>
  </datafield>
  <datafield tag="952" ind1=" " ind2=" ">
    <subfield code="0">0</subfield>
    <subfield code="1">0</subfield>
    <subfield code="4">0</subfield>
    <subfield code="7">0</subfield>
    <subfield code="a">L</subfield>
    <subfield code="b">L</subfield>
    <subfield code="d">2015-09-29</subfield>
    <subfield code="e">Cen Lib/Ret</subfield>
    <subfield code="g">85.00</subfield>
    <subfield code="l">6</subfield>
    <subfield code="o">260.2 &#x91C;&#x917;&#x91C;&#x940;</subfield>
    <subfield code="p">B-186265</subfield>
    <subfield code="r">2021-03-23 00:00:00</subfield>
    <subfield code="s">2021-03-08</subfield>
    <subfield code="t">1</subfield>
    <subfield code="v">85.00</subfield>
    <subfield code="w">2015-09-29</subfield>
    <subfield code="y">HN</subfield>
  </datafield>
  <datafield tag="952" ind1=" " ind2=" ">
    <subfield code="0">0</subfield>
    <subfield code="1">0</subfield>
    <subfield code="2">ddc</subfield>
    <subfield code="4">0</subfield>
    <subfield code="7">0</subfield>
    <subfield code="8">NFIC</subfield>
    <subfield code="a">BL4</subfield>
    <subfield code="b">BL4</subfield>
    <subfield code="d">2018-12-27</subfield>
    <subfield code="e">BPPD/PUB</subfield>
    <subfield code="g">85.00</subfield>
    <subfield code="l">0</subfield>
    <subfield code="o">260.2 &#x91C;&#x917;&#x91C;&#x940;</subfield>
    <subfield code="p">B-186267</subfield>
    <subfield code="r">2018-12-27 00:00:00</subfield>
    <subfield code="v">85.00</subfield>
    <subfield code="w">2018-12-27</subfield>
    <subfield code="y">HN</subfield>
  </datafield>
</record>
